Statistics for ALBANIAurjdnxksksm

Click here to take the quiz!

General Stats

  • This quiz has been taken 12 times
  • The average score is 5 of 8

Answer Stats

HintAnswer% Correct
red and black I dress eagle on my chest is proud bealbania
100%
is kosovoalbania
100%
is warbroberalbanian
100%
is Serbia realno is just one province of great Albania with full of slaves
100%
everythingalabama
43%
bunkerbunrker
29%
islamharam
29%
how many wold wart # Albania warThe Italian invasion of Albania (April 7–12, 1939) was a brief military campaign which was launched by the Kingdom of Italy against the Albanian Kingdom in 1939. The conflict was a result of the imperialistic policies of the Italian prime minister and dictator Benito Mussolini. Albania was rapidly overrun, its ruler King Zog I was forced to go into exile in neighboring Greece, and the country was made a part of the Italian Empire as a protectorate in personal union with the Italian Crown.
29%

Score Distribution

Percentile by Number Answered

Percent of People with Each Score

Your Score History

You have not taken this quiz